Statistics for Country Chain quiz #1

Click here to take the quiz!

General Stats

  • This quiz has been taken 38 times
  • The average score is 10 of 15

Answer Stats

HintAnswer% Correct
The largest country in the worldRussia
100%
Country that “fought” this country in the cold warUnited States of America
88%
Country thus country gained independence fromUnited Kingdom
85%
This countrys biggest colonyIndia
76%
Country this country was allied with in both world warsGermany
70%
Country this country invaded with Russian help in world war 2Poland
70%
Country this country has fought the most wars withChina
64%
Country with the same amount of letters in its name as this country but it starts with a HHungary
64%
Modern day country that was a colony with the former countryPakistan
61%
Country that occupied this country for three years during world war 2Japan
58%
Country this country claims is its countryTaiwan
58%
Country this country split up with after world war 1Austria
55%
Country with a very similar flag to this countryIndonesia
52%
Country former country share sits longest border withAfghanistan
48%
Country after this country alphabeticallyAlbania
45%

Score Distribution

Percentile by Number Answered

Percent of People with Each Score

Your Score History

You have not taken this quiz